书目信息 |
| 题名: |
咨询馆员与咨询问题
|
|
| 作者: | 杰霍达 , Jahoda 著 ;童菊明 译 | |
| 分册: | ||
| 出版信息: | 北京 书目文献出版社 1991.10 |
|
| 页数: | 187页 | |
| 开本: | 20cm | |
| 丛书名: | ||
| 单 册: | ||
| 中图分类: | G252.6 | |
| 科图分类: | ||
| 主题词: | 图书馆工作-参考咨询--教材 , 参考咨询-图书馆工作--教材 | |
| 电子资源: | ||
| ISBN: | 7-5013-0854-3 | |
| 000 | 01106nam0 2200289 45 | |
| 001 | 0193005991 | |
| 005 | 20060810150118.85 | |
| 010 | @a7-5013-0854-3@dCNY2.70 | |
| 092 | @a社科278-111 | |
| 100 | @a19930130d1992 em y0chiy0121 ea | |
| 101 | 1 | @achi@ceng |
| 102 | @aCN@b110000 | |
| 105 | @ay z 000yy | |
| 200 | 10 | @a咨询馆员与咨询问题@AZI XUN GUAN YUAN YU ZI XUN WEN TI@e一种系统方法@EYI ZHONG XI TONG FANG FA@f(美)杰霍达(Jahoda Gerald)等著@F( MEI ) JIE HUO DA (Jahoda Gerald) DENG ZHU@g童菊明译 |
| 210 | @a北京@c书目文献出版社@d1991.10 | |
| 215 | @a187页@d20cm | |
| 314 | @aG.杰霍达,美国图书情报学教授 | |
| 330 | @a介绍了各决策步骤中的各种技巧,内容包括信息的选择,工具书类型的选择、查找标目的选择、咨询对话及书目数据库的联机检索等。 | |
| 540 | 1 | @a咨询 馆员 咨询 问题@AZI XUN GUAN YUAN ZI XUN WEN TI |
| 606 | @a图书馆工作-参考咨询@x教材 | |
| 606 | @a参考咨询-图书馆工作@x教材 | |
| 690 | @aG252.6@v三版 | |
| 701 | 1 | @a杰霍达@AJIE HUO DA@bG.@4著 |
| 701 | A1 | @aJahoda@bGerald@4著 |
| 702 | 0 | @a童菊明@ATONG JU MING@4译 |
| 801 | 0 | @aCN@bTSSF@c20060810 |
| 905 | @a10447@dG252.6@e46 | |
| 咨询馆员与咨询问题:一种系统方法/(美)杰霍达(Jahoda Gerald)等著/童菊明译.-北京:书目文献出版社,1991.10 |
| 187页;20cm |
| ISBN 7-5013-0854-3:CNY2.70 |
| 介绍了各决策步骤中的各种技巧,内容包括信息的选择,工具书类型的选择、查找标目的选择、咨询对话及书目数据库的联机检索等。 |
| ● |
| 相关链接 |
|
|
|
|
正题名:咨询馆员与咨询问题
索取号:G252.6/46
 
预约/预借
| 序号 | 登录号 | 条形码 | 馆藏地/架位号 | 状态 | 备注 |
| 1 | 0448464 | 204484646 | 密集书库/ [索取号:G252.6/46] | 在馆 |